Kluby Urugwaju spoza Montevideo - nagła śmierć - Statystyki

Ogólne statystyki
  • Ten quiz został rozwiązany 5 razy
  • Średni wynik to 1 z 8
Answers on the Grid
Answers color-coded by a green-red scale on the quiz's grid according to % correct below.
CA Juventud
Defensor Sporting
CA Progreso
Miramar Misiones
Cerro Largo FC
CA Peñarol
Plaza Colonia
CA Cerro
CA Artigas
Albion FC
Club Oriental
IA Sud América
Tacuarembó FC
CA Bella Vista
CA Boston River
Club Nacional
Deportivo Maldonado
La Luz FC
CA Fénix
CA Atenas
 
Statystyki odpowiedzi
Odpowiedź % Poprawnych
Deportivo Maldonado
40%
Cerro Largo FC
20%
Club Oriental
20%
Plaza Colonia
20%
CA Artigas
0%
CA Atenas
0%
CA Juventud
0%
Tacuarembó FC
0%
Nie znaleziono quizów pasujących do podanych kryteriów
Rozkład punktacji
Procent ludzi z każdym wynikiem
Percentyl według liczby udzielonych odpowiedzi
Twoja historia wyników
Nie rozwiązałeś tego quizu